Study guide for computers and information systems /

Salvato in:
Dettagli Bibliografici
Autori principali: Williams, Brian K (Autore), O'Leary, Timothy J (Autore)
Natura: Libro
Lingua:inglese
Pubblicazione: Redwood City : The Benjamin/Cummings Publ.Comp, 1989
Edizione:2.ed.
Soggetti:
Tags: Aggiungi Tag
Nessun Tag, puoi essere il primo ad aggiungerne!!

MARC

LEADER 00000nam a22000003a 4500
001 stu5040
005 20150617225811.1
008 931220s1989----xxu-----------------eng-d
020 |a 0-8053-6946-5 
040 |a STU  |b slo 
041 0 |a eng 
044 |a xxu 
080 |a 681.32.01  |7 stu_us_auth*stu8217 
080 |a 519.683.5 
080 |a 681.322.06 
080 |a 65.011.56 
100 1 |a Williams, Brian K  |4 aut 
245 1 |a Study guide for computers and information systems /  |c [aut.] O'Leary,Timothy J.; Williams,Brian K 
250 |a 2.ed. 
260 |a Redwood City :  |b The Benjamin/Cummings Publ.Comp,  |c 1989 
300 |a 353 s 
650 7 |a AIS  |2 stusub 
650 7 |a automatizované riadiace systémy  |2 stusub 
650 7 |a manažment  |2 stusub 
650 7 |a automatizované informačné systémy  |2 stusub 
700 1 |a O'Leary, Timothy J  |4 aut 
996 |b 284EK07719  |c E*78541  |l EE01  |s A  |a 24  |w stu5040_0001